Country Capitals by Shape - Statistics

General Stats
  • This quiz has been taken 47 times
  • The average score is 10 of 12
Answer Stats
Picture Answer % Correct
Paris
100%
Washington DC
100%
Mexico City
97%
Berlin
95%
New Delhi
95%
Ankara
92%
Canberra
92%
Vienna
92%
Havana
84%
Islamabad
76%
Tehran
73%
La Paz/Sucre
46%
No matching quizzes found
Score Distribution
Percent of People with Each Score
Percentile by Number Answered
Your Score History
You have not taken this quiz